000 00628nam a2200181 4500
001 116174
003 ES-MaACL
005 20230906190642.0
007 t|
008 061121s1945 sp r ||||1| spa d
100 0 _aParís Eguilaz, Higinio.
_989148
245 1 0 _aTeoría de la Economía Nacional /
_cpor Higinio Paris Eguilaz.
260 _aMadrid :
_bInstituto de Economía `Sancho de Moncada`,
_c1945.
300 _a401 p. ;
_c25 cm.
500 _aPrecede al tit. : Consejo Superior de Investigaciones Científicas.
710 2 _aInstituto de Economía "Sancho de Moncada"
_94867
852 _aES-MaACL
_jB-10367
_bR.21848
999 _c116174
_d116174